000 00585nam a2200217Ia 4500
003 OSt
005 20241113153902.0
008 210324s9999||||xx |||||||||||||| ||und||
040 _cSTCPL
041 _aHIN
082 _aH07
_bNAG-D
100 _aNagendra
_qनागेन्द्र
245 0 _aDev aur unki kavitha /
_cby Nagendra
_hदेव और उनकी कविता
250 _a4th ed.
260 _aDelhi :
_bNational Publishing House ,
_c1969 .
300 _a311 p.
_bHB
650 _aHindi literature
650 _aStudy
942 _cBK
942 _2ddc
999 _c20741
_d20741